000
00322nam a22001337a 4500
008
210303b ||||| |||| 00| 0 eng d
020
_a
9781439079119
041
_a
eng
080
_2
3th
_a
721.053
100
_a
62
101
_a
AUD
245
_a
Information Technology Auditing and Assurance
_c
Hall,A.J
942
_2
udc
_c
BK
999
_c
55690
_d
55690